Statistics for Seinfeld: Who said it?

Click here to take the quiz!

General Stats

  • This quiz has been taken 81 times
  • The average score is 17 of 22

Answer Stats

QuoteCharacter% Correct
These pretzels are making me thirsty. (First character to say it)Kramer
96%
When you look annoyed all the time, people think that you're busy.George
95%
Maybe the dingo ate your baby.Elaine
86%
It's not a lie if you believe it.George
86%
Because they're Jujyfruit. I like them.Elaine
85%
It's like my brain is facing my penis in a chess game. And I'm letting him win.Jerry
85%
Well, let's start the insanity.Jerry
84%
Who's gonna turn down a Junior Mint? It's chocolate, it's peppermint, it's delicious!Kramer
84%
When you control the mail, you control... information.Newman
84%
Three squares? You can't spare three squares??Elaine
82%
My dream is to become hopeless.George
82%
Looking at cleavage is like looking into the sun. You don't stare at it. It's too risky. You get a sense of it, then you look away.Jerry
82%
I think this is the same one I gave him. He recycled this gift. He's a regifter!Elaine
78%
Well, the Jerk Store called, and they're running out of you!George
77%
You're a rabid anti-dentite!Kramer
73%
Yama hama, it's fright night!Kramer
70%
It's the Kung Pao. George likes his chicken spicy.George
69%
You got the A, B, C, the D. That's the biggest.Frank Costanza
65%
Feels like an Arby's night.David Puddy
62%
Let me understand, you got the hen, the chicken, and the rooster. The rooster goes with the chicken. So, who's having sex with the hen?Frank Costanza
58%
That's totally inappropriate. It's lewd, lascivious, salacious, outrageous.Jackie Chiles
54%
Well I got a flash for ya joy boy: Party time is over.Bookman
31%

Score Distribution

Percentile by Number Answered

Percent of People with Each Score

Your Score History

You have not taken this quiz